00321nam a2200133Ia 4500008004100000041000800041082001700049100001900066245003100085260001800116300000800134365001600142700002900158230718s9999 xx 000 0 und d aeng a621.381bCHO aChoudhury D.R. aLinear Integrated Circuits c1997bNew Age a420 cRs.b145.00 aChoudhury D.R. & Jain S.